| 000 | 00747nam a22001937a 4500 | ||
|---|---|---|---|
| 999 |
_c19584 _d19584 |
||
| 003 | AR-CdUCM | ||
| 008 | 190518b ||||| |||| 00| 0 spa d | ||
| 040 |
_aMUNICIPALIDAD PROVINCIAL DEL CUSCO _cBIBLIOTECA MUNICIPAL DEL CUSCO |
||
| 082 |
_a327.85 / _bC34 |
||
| 100 |
_aCayo Córdova, Percy _916751 |
||
| 245 |
_aPerú y Ecuador : _bantecedentes de un Largo Conflicto / |
||
| 260 |
_aLima : _bCentro de investigación de la Universidad del Pacifico, _c1997. |
||
| 300 |
_a254 páginas ; _c22 cm. |
||
| 505 | _aEl descubrimiento del rio Amazonas -- Las primeras descripciones -- Los principios de la formación y delimitación de los nuevos estados. | ||
| 650 |
_aPerú. _935 |
||
| 650 |
_aEcuador. _910121 |
||
| 942 |
_2ddc _cLIBROS |
||
| 945 | _awfj | ||